Services secrets par pays. - Statistiques

Statistiques générales
  • Ce quiz a été pris 343 fois
  • Le résultat moyen est 4 sur 12
Statistiques - réponses
Pays Service secret % Correct
États-Unis CIA
98%
France DGSE
69%
Israël Mossad
68%
Royaume-Uni MI6
67%
Russie FSB
39%
Allemagne BND
8%
Pakistan ISI
7%
Chine MSS
7%
Inde Raw
6%
Australie ASIS
4%
Italie AISE
3%
Corée du Sud NIS
3%
Aucun quiz correspondant
Distribution des résultats
% des personnes avec chaque résultat
Percentile par nombre de réponses
Votre historique - résultats
Vous n’avez pas pris ce quiz